00609 2200205 4500001002100000005001500021035002000036007000300056008004100059020002200100082001000122084001600132100003100148245008400179250000600263260003600269300004700305700003400352990001700386INLIS00000000000119720260507084807 a0010-1023000017ta260507 j 0 ind  a978-602-8798-44-0 a2x2.6 a2x2.6 ANN m0 aAnna Fauziah ( Pengarang )1 aMiracles of Quran :bMathematics /cAnna Fauziah ; Editor , Helfi Ghulam Faizi a- aJakarta :bPustaka Lebah,c2013 a39 :bilus. ;gambar berwarna ;c28.8 cme-0 aHelfi Ghulam Faizi ( Editor ) a00072/R/2014